Cá cảnh biển

محفوظ في:
التفاصيل البيبلوغرافية
المؤلف الرئيسي: Ngọc Lan
التنسيق: كتاب
اللغة:Undetermined
منشور في: Tp. HCM Mũi Cà Mau 2003
الموضوعات:
الوسوم: إضافة وسم
لا توجد وسوم, كن أول من يضع وسما على هذه التسجيلة!
Thư viện lưu trữ: Trung tâm Học liệu Trường Đại học Cần Thơ
LEADER 00490nam a2200193Ia 4500
001 CTU_59812
008 210402s9999 xx 000 0 und d
020 |b 14000 
082 |a 639.342 
082 |b Ng419 
100 |a Ngọc Lan 
245 0 |a Cá cảnh biển 
245 0 |c Ngọc Lan 
260 |a Tp. HCM 
260 |b Mũi Cà Mau 
260 |c 2003 
650 |a ornamental fishes,aquarium fishes 
904 |i Minh 
980 |a Trung tâm Học liệu Trường Đại học Cần Thơ